00389nam a2200157Ia 45000010006000000050017000060080041000230410008000640820017000721000034000892450055001232600009001783000028001876500008002156540008002231953020260306172700.0260306t2012||||xx |||||||||||||| ||spa|| aESP a340.109bH41 aHerrera, Daniel AlejndroeAUT 0aLa persona y el fundamento de los derechos humanos c2012 a542 páginas :c23 cm. aGEN aCDE